[Event "PreTECs 2016 "]
[Site "Chambly CAN"]
[Date "2016.01.13"]
[Round "1"]
[White "Weston, Paul"]
[Black "Leger, Maxime"]
[Result "0-1"]
[WhiteElo "1906"]
[BlackElo "1859"]
[PlyCount "52"]
[EventDate "2016.01.13"]
[EventCountry "CAN"]

1. e4 g6 2. d4 Bg7 3. f4 d5 4. e5 Nh6 5. Nf3 Bg4 6. Bd3 O-O 7. h3 Bxf3 8. Qxf3
f6 9. Nc3 c6 10. Qe2 fxe5 11. fxe5 e6 12. h4 c5 13. Bg5 Qb6 14. Qd2 c4 15. Bxg6
hxg6 16. Bxh6 Qxb2 17. Rc1 Bxh6 18. Qxh6 Qxc3+ 19. Ke2 Qg3 20. Rce1 Qg4+ 21.
Kd2 Qxd4+ 22. Kc1 Qf4+ 23. Qxf4 Rxf4 24. Re3 Nc6 25. h5 g5 26. Rg3 Rf5 0-1

[Event "Quebec-ch Senior"]
[Site "Montreal CAN"]
[Date "2016.04.22"]
[Round "1.2"]
[White "Blouin, Francois"]
[Black "Sullivan, Neil"]
[Result "0-1"]
[WhiteElo "1452"]
[BlackElo "2111"]
[PlyCount "88"]
[EventDate "2016.04.22"]
[EventType "swiss"]
[EventRounds "5"]
[EventCountry "CAN"]

1. c4 c5 2. Nc3 g6 3. g3 Bg7 4. Bg2 Nf6 5. Nf3 O-O 6. O-O d5 7. Qb3 d4 8. Nd1
Nc6 9. d3 e5 10. e4 Rb8 11. a3 a6 12. Qc2 Qd6 13. Bd2 h6 14. Rb1 Be6 15. Qc1
Kh7 16. Ne1 b5 17. b3 a5 18. f4 Bg4 19. h3 Bxd1 20. Qxd1 Nh5 21. Qg4 bxc4 22.
dxc4 a4 23. f5 axb3 24. Nd3 b2 25. Qf3 Rb3 26. g4 Nf4 27. Bxf4 exf4 28. Qd1
Rxd3 29. Qxd3 Ne5 30. Qd2 Nxc4 31. Qxf4 Be5 32. Qf2 d3 33. fxg6+ Kg7 34. Qf5
fxg6 35. Qxf8+ Qxf8 36. Rxf8 Kxf8 37. Bf1 Nxa3 38. Rxb2 Bxb2 39. Bxd3 c4 40.
Bxc4 Nxc4 41. Kf2 Ke7 42. Kf1 Ke6 43. h4 Ke5 44. h5 g5 0-1

[Event "Quebec-ch Senior"]
[Site "Montreal CAN"]
[Date "2016.04.22"]
[Round "1.3"]
[White "Abreu Cordero, Jose"]
[Black "Lemieux, Serge"]
[Result "1/2-1/2"]
[WhiteElo "2055"]
[BlackElo "1595"]
[PlyCount "148"]
[EventDate "2016.04.22"]
[EventType "swiss"]
[EventRounds "5"]
[EventCountry "CAN"]

1. e4 e6 2. d4 d5 3. e5 c5 4. Nf3 Nc6 5. c3 Bd7 6. Be3 Qb6 7. Qd2 Rc8 8. dxc5
Bxc5 9. Bxc5 Qxc5 10. Na3 Nge7 11. Nc2 Ng6 12. h4 Ncxe5 13. Nxe5 Nxe5 14. Qg5
Ng6 15. h5 Qe7 16. Qe3 Nf8 17. Qxa7 Qd8 18. Qd4 Rg8 19. Bd3 Qf6 20. f4 Bc6 21.
Kd2 Qxd4 22. Nxd4 f5 23. Be2 Kf7 24. g4 g6 25. hxg6+ hxg6 26. g5 Rg7 27. b4 Ba4
28. Rh3 Ra8 29. c4 dxc4 30. Bxc4 Bd7 31. Re1 b5 32. Bb3 Rd8 33. Rd3 Ke7 34. Rh1
Rb8 35. Rc3 Rb7 36. Nf3 Rb6 37. Ne5 Rd6+ 38. Ke3 Be8 39. Rc7+ Nd7 40. Nc6+ Kf8
41. Nd4 Re7 42. Nxb5 Rb6 43. a4 Kg7 44. Kd4 Bf7 45. Bc4 e5+ 46. fxe5 Bxc4 47.
Kxc4 Nxe5+ 48. Kd5 Rxb5+ 49. axb5 Rxc7 50. Kxe5 Rb7 51. Rh4 Rxb5+ 52. Kd6 f4
53. Rxf4 Rxg5 54. Kc6 Rf5 55. Rg4 Rf6+ 56. Kb7 Rf7+ 57. Ka6 Rf6+ 58. Ka5 Rf5+
59. b5 Kh6 60. Ka6 Kh5 61. Rg1 g5 62. b6 g4 63. b7 Rf3 64. Rh1+ Kg5 65. Rh8 g3
66. b8=Q Ra3+ 67. Kb5 Rb3+ 68. Kc4 Rxb8 69. Rxb8 Kf4 70. Kd3 g2 71. Rg8 Kf3 72.
Rf8+ Kg3 73. Rg8+ Kf2 74. Rf8+ Kg3 1/2-1/2

[Event "Quebec-ch Senior"]
[Site "Montreal CAN"]
[Date "2016.04.22"]
[Round "1.4"]
[White "Bedard, Michel"]
[Black "Nunez, Omar"]
[Result "0-1"]
[WhiteElo "1556"]
[BlackElo "1965"]
[PlyCount "76"]
[EventDate "2016.04.22"]
[EventType "swiss"]
[EventRounds "5"]
[EventCountry "CAN"]

1. d4 c5 2. Nf3 Nf6 3. e3 b6 4. c4 g6 5. Nc3 Bg7 6. Be2 O-O 7. O-O Bb7 8. Qc2
Na6 9. a3 Rc8 10. d5 d6 11. e4 Nc7 12. a4 Na6 13. Qb1 Nb4 14. Bd2 e6 15. Na2
exd5 16. exd5 Na6 17. Nc3 Re8 18. Re1 Rc7 19. Bd3 Nb4 20. Nb5 Rce7 21. Bxb4
cxb4 22. Qc2 a6 23. Nbd4 Rxe1+ 24. Rxe1 Rxe1+ 25. Nxe1 Nxd5 26. cxd5 Bxd4 27.
Nf3 Qf6 28. Be4 Bxb2 29. Qc7 Qc3 30. Qb8+ Kg7 31. g3 Qc4 32. Qxb7 Qxe4 33. Ng5
Qf5 34. Ne6+ Kh6 35. Nd8 Bd4 36. Nxf7+ Kh5 37. Kg2 Qxf2+ 38. Kh3 Qf1# 0-1

[Event "Quebec-ch Senior"]
[Site "Montreal CAN"]
[Date "2016.04.22"]
[Round "1.5"]
[White "Molloy, Francis"]
[Black "Morin, Louis"]
[Result "0-1"]
[WhiteElo "1533"]
[BlackElo "1932"]
[PlyCount "133"]
[EventDate "2016.04.22"]
[EventType "swiss"]
[EventRounds "5"]
[EventCountry "CAN"]

1. Nf3 d5 2. d4 c5 3. g3 Nc6 4. Bg2 cxd4 5. Nxd4 e5 6. Nxc6 bxc6 7. O-O Bc5 8.
Nd2 Be6 9. c3 Qd7 10. e4 Ne7 11. exd5 cxd5 12. c4 O-O 13. cxd5 Bxd5 14. Nb3 Bb6
15. Bxd5 Nxd5 16. Qe2 Rfe8 17. Rd1 Rad8 18. Bd2 Qf5 19. Rac1 Re6 20. Ba5 Red6
21. Bxb6 axb6 22. a3 h5 23. Re1 f6 24. Qe4 Qe6 25. Nd4 Qf7 26. Nf5 R6d7 27. Rc2
Kh8 28. Nh4 Ne7 29. Rec1 Rd4 30. Qe2 g6 31. Nf3 R4d7 32. Qe3 Nd5 33. Qe4 Kg7
34. Rd2 Ne7 35. Rxd7 Rxd7 36. Qb4 Qd5 37. Qc3 Rd6 38. Qe3 e4 39. Ne1 Qd4 40.
Qxd4 Rxd4 41. Rc7 Kf7 42. Rb7 Rd6 43. Kf1 Ke6 44. Ke2 Nd5 45. Nc2 f5 46. Ne3
Nxe3 47. Kxe3 Ke5 48. Rc7 g5 49. f4+ gxf4+ 50. gxf4+ Kf6 51. Rc2 Rd3+ 52. Ke2
Rb3 53. Ke1 h4 54. Rc6+ Kg7 55. Rc2 Kh6 56. Rg2 h3 57. Rf2 Kh5 58. Kd1 Kg4 59.
Ke1 e3 60. Rc2 Kxf4 61. Rc4+ Kf3 62. Rh4 f4 63. Rxh3+ Kg2 64. Rh4 f3 65. Rg4+
Kxh2 66. Rg5 Rxb2 67. Rg8 0-1

[Event "Quebec-ch Senior"]
[Site "Montreal CAN"]
[Date "2016.04.22"]
[Round "1.6"]
[White "Gauthier, Denis"]
[Black "Bureau, Robert"]
[Result "1-0"]
[WhiteElo "1931"]
[BlackElo "1526"]
[PlyCount "121"]
[EventDate "2016.04.22"]
[EventType "swiss"]
[EventRounds "5"]
[EventCountry "CAN"]

1. d4 Nf6 2. c4 e6 3. Nf3 d5 4. Nc3 c6 5. Qd3 Nbd7 6. g3 Be7 7. Bg2 a6 8. O-O
c5 9. cxd5 exd5 10. b3 b5 11. Ne5 Bb7 12. Nxd7 Qxd7 13. dxc5 Bxc5 14. Bg5 Be7
15. Rad1 O-O 16. Bxf6 Bxf6 17. Nxd5 Bxd5 18. Bxd5 Rad8 19. e4 Kh8 20. Rfe1 Be5
21. f4 Qa7+ 22. Kg2 Bc7 23. Qf3 Bb6 24. Re2 Qe7 25. h4 Rfe8 26. Rc2 Rc8 27.
Rdc1 Rxc2+ 28. Rxc2 Bc5 29. Bxf7 Rd8 30. Bd5 Qd6 31. Qc3 Bb6 32. Qc6 Qxc6 33.
Rxc6 Bd4 34. Rxa6 b4 35. a4 bxa3 36. Rxa3 Rb8 37. Kf3 g6 38. g4 Bb2 39. Ra8
Rxa8 40. Bxa8 Ba3 41. h5 Kg7 42. hxg6 hxg6 43. e5 Bb4 44. Ke4 Bd2 45. f5 gxf5+
46. gxf5 Bb4 47. Kd5 Bc3 48. Bc6 Kf8 49. Ke6 Bb4 50. f6 Bc3 51. Kf5 Bb4 52. e6
Bc5 53. e7+ Bxe7 54. fxe7+ Kxe7 55. Ke5 Kd8 56. Kd6 Kc8 57. Kc5 Kc7 58. b4 Kc8
59. Kb6 Kb8 60. b5 Kc8 61. Ka7 1-0

[Event "Quebec-ch Senior"]
[Site "Montreal CAN"]
[Date "2016.04.22"]
[Round "1.7"]
[White "Millette, Sylvain"]
[Black "Sonn, Eric"]
[Result "1-0"]
[WhiteElo "1725"]
[BlackElo "1513"]
[PlyCount "57"]
[EventDate "2016.04.22"]
[EventType "swiss"]
[EventRounds "5"]
[EventCountry "CAN"]

1. e4 e6 2. Nf3 c5 3. d4 cxd4 4. c3 dxc3 5. Nxc3 d6 6. Bc4 Be7 7. O-O Nf6 8.
Qe2 Nbd7 9. Rd1 Qc7 10. Bf4 e5 11. Bg5 O-O 12. Rac1 Qb8 13. Nb5 Nc5 14. Bxf6
gxf6 15. b4 Ne6 16. Bxe6 Bxe6 17. Nc7 f5 18. Nxa8 Qxa8 19. exf5 Bxf5 20. Nd4
Bg6 21. Nb5 Qb8 22. Nc7 Bg5 23. Rc3 Qd8 24. Nd5 h5 25. Rc7 h4 26. Rxb7 Qa8 27.
Rd7 h3 28. Qg4 Qc6 29. Qxg5 1-0

[Event "Quebec-ch Senior"]
[Site "Montreal CAN"]
[Date "2016.04.22"]
[Round "1.8"]
[White "Bergeron, Jean-Guy"]
[Black "Jean, Robert"]
[Result "0-1"]
[WhiteElo "1431"]
[BlackElo "1699"]
[PlyCount "82"]
[EventDate "2016.04.22"]
[EventType "swiss"]
[EventRounds "5"]
[EventCountry "CAN"]

1. c4 e6 2. e4 d5 3. e5 d4 4. Nf3 c5 5. Bd3 Nc6 6. Qa4 Bd7 7. Qb3 Qc7 8. O-O g6
9. Na3 a6 10. Be4 Bg7 11. Ng5 h6 12. Nxf7 Kxf7 13. Qf3+ Ke7 14. Bxg6 Rf8 15.
Qh5 Bxe5 16. d3 Nf6 17. Qh4 Kd8 18. f4 Bd6 19. f5 e5 20. g4 Kc8 21. g5 hxg5 22.
Qxg5 Be7 23. Qg2 Nb4 24. Qe2 Bc6 25. Bg5 Rh3 26. Bxf6 Bxf6 27. Rad1 Rfh8 28.
Rd2 b6 29. b3 Bb7 30. Rf2 Qc6 31. Qe4 Qxe4 32. dxe4 Bxe4 33. Kf1 Bc6 34. Bf7 e4
35. Be6+ Kc7 36. Rfe2 d3 37. Rg2 e3 38. Nb5+ axb5 39. cxb5 Bxg2+ 40. Rxg2 e2+
41. Ke1 Bc3+ 0-1

[Event "Quebec-ch Senior"]
[Site "Montreal CAN"]
[Date "2016.04.22"]
[Round "1.9"]
[White "Dumouchel, Alain"]
[Black "Nanescu, Marin"]
[Result "1-0"]
[WhiteElo "1691"]
[BlackElo "1433"]
[PlyCount "95"]
[EventDate "2016.04.22"]
[EventType "swiss"]
[EventRounds "5"]
[EventCountry "CAN"]

1. e4 Nc6 2. d4 e6 3. d5 Ne5 4. Nc3 Be7 5. f4 Ng6 6. Nf3 d6 7. Bb5+ Bd7 8. dxe6
fxe6 9. O-O c6 10. Bd3 Nf6 11. e5 Nd5 12. Nxd5 exd5 13. Bxg6+ hxg6 14. exd6
Bxd6 15. Re1+ Kf8 16. Be3 Qf6 17. Qd2 Re8 18. Ne5 Re7 19. Nxd7+ Rxd7 20. Bd4
Qf5 21. Rf1 a6 22. Rae1 Rf7 23. g3 Re7 24. c4 Kf7 25. Rxe7+ Bxe7 26. cxd5 Qxd5
27. Qc3 Bf6 28. Bxf6 gxf6 29. Re1 Rd8 30. Qe3 Qd4 31. Qxd4 Rxd4 32. Re2 f5 33.
Kf2 Rd3 34. b4 b6 35. Rc2 Rd6 36. h3 Kf6 37. g4 g5 38. h4 gxh4 39. g5+ Kg6 40.
Ke3 Kh5 41. a4 Kg4 42. Rg2+ Kh5 43. Rh2 Kg4 44. Rg2+ Kh3 45. Rd2 Re6+ 46. Kf3
c5 47. bxc5 bxc5 48. Rd5 1-0

[Event "Quebec-ch Senior"]
[Site "Montreal CAN"]
[Date "2016.04.22"]
[Round "1.10"]
[White "Taylor, Paul"]
[Black "Nica, Ion"]
[Result "0-1"]
[WhiteElo "1421"]
[BlackElo "1685"]
[PlyCount "46"]
[EventDate "2016.04.22"]
[EventType "swiss"]
[EventRounds "5"]
[EventCountry "CAN"]

1. d4 g6 2. Nf3 Bg7 3. c4 d6 4. e3 Nd7 5. Nc3 c5 6. Be2 Nh6 7. Bd2 O-O 8. O-O
e5 9. d5 f5 10. Qc1 e4 11. Ne1 a6 12. f3 Nf6 13. a4 Bd7 14. Qc2 Qe7 15. a5 Rae8
16. Qb3 exf3 17. Bxf3 Nfg4 18. Nc2 Nxh2 19. Kxh2 Qh4+ 20. Kg1 Be5 21. Be1 Bh2+
22. Kh1 Bg3+ 23. Kg1 Qh2# 0-1

[Event "Quebec-ch Senior"]
[Site "Montreal CAN"]
[Date "2016.04.22"]
[Round "1.11"]
[White "Lamoureux, Yvon"]
[Black "Pincince, Jacques"]
[Result "1-0"]
[WhiteElo "1624"]
[BlackElo "1416"]
[PlyCount "81"]
[EventDate "2016.04.22"]
[EventType "swiss"]
[EventRounds "5"]
[EventCountry "CAN"]

1. e4 c5 2. Nf3 d6 3. d4 cxd4 4. Nxd4 Nf6 5. Nc3 a6 6. Bg5 e6 7. f4 Be7 8. Qf3
Qc7 9. O-O-O Nbd7 10. g4 b5 11. Bxf6 Bxf6 12. g5 Be7 13. h4 Bb7 14. Bh3 Nc5 15.
a3 Qa5 16. Kb1 b4 17. axb4 Qxb4 18. Rhe1 Rb8 19. Na2 Qb6 20. Nb3 Ba8 21. Qc3
O-O 22. Nxc5 dxc5 23. h5 c4 24. h6 f6 25. Rd7 Bc5 26. Rxg7+ Kh8 27. Rd7 Bc6 28.
Rdd1 Ba4 29. gxf6 Rf7 30. Re2 a5 31. Bg4 Be8 32. Bh5 a4 33. Bxf7 Bxf7 34. Rd7
Rf8 35. Rg2 a3 36. Rg7 Bg6 37. Rxg6 Qxb2+ 38. Qxb2 axb2 39. Rgg7 Rxf6 40. Rxh7+
Kg8 41. Rdg7+ 1-0

[Event "Quebec-ch Senior"]
[Site "Montreal CAN"]
[Date "2016.04.22"]
[Round "1.12"]
[White "Dubreuil, Raymond"]
[Black "Brunet, Guy"]
[Result "1/2-1/2"]
[WhiteElo "1522"]
[BlackElo "1540"]
[PlyCount "67"]
[EventDate "2016.04.22"]
[EventType "swiss"]
[EventRounds "5"]
[EventCountry "CAN"]

1. Nf3 d5 2. c4 c6 3. b3 Bf5 4. Bb2 Nd7 5. g3 Ngf6 6. Bg2 e6 7. Nc3 h6 8. O-O
Be7 9. d3 O-O 10. a3 Re8 11. Na4 Rc8 12. Rc1 a5 13. c5 b5 14. cxb6 Nxb6 15. Nc5
Bxc5 16. Rxc5 Nbd7 17. Bxf6 gxf6 18. Rc1 c5 19. Nh4 Bg6 20. Nxg6 fxg6 21. e4 d4
22. f4 f5 23. e5 h5 24. Bb7 Rc7 25. Ba6 Qa8 26. Bb5 Qd5 27. Qc2 Rb8 28. Bxd7
Qxd7 29. Qc4 Kf7 30. Rf2 Qb5 31. Qxb5 Rxb5 32. Rb1 Rcb7 33. Rfb2 Ke7 34. Kf2
1/2-1/2

[Event "Quebec-ch Senior"]
[Site "Montreal CAN"]
[Date "2016.04.23"]
[Round "2.3"]
[White "Nunez, Omar"]
[Black "Dumouchel, Alain"]
[Result "1-0"]
[WhiteElo "1965"]
[BlackElo "1691"]
[PlyCount "81"]
[EventDate "2016.04.22"]
[EventType "swiss"]
[EventRounds "5"]
[EventCountry "CAN"]

1. Nf3 Nf6 2. g3 g6 3. Bg2 Bg7 4. O-O O-O 5. c4 d6 6. d4 Nc6 7. Nc3 a6 8. a3 e5
9. d5 Na5 10. Nd2 Bh6 11. e3 Bg4 12. Qe1 b5 13. cxb5 axb5 14. b4 Nc4 15. Nxb5
Qd7 16. Nc3 Nb6 17. f3 Bh3 18. Nde4 Ne8 19. Bxh3 Qxh3 20. Nf2 Qd7 21. e4 Bxc1
22. Qxc1 f6 23. Kg2 Ng7 24. Ncd1 f5 25. Nb2 Qf7 26. Qc3 Na4 27. Nxa4 Rxa4 28.
Nd3 Ne8 29. Qc6 Ra7 30. b5 Nf6 31. b6 cxb6 32. Qxd6 Rd7 33. Qxb6 Qe7 34. Qb4
fxe4 35. fxe4 Qxb4 36. Nxb4 Nxe4 37. Rxf8+ Kxf8 38. Re1 Nd6 39. Nc6 Nc4 40.
Nxe5 Re7 41. Rf1+ 1-0

[Event "Quebec-ch Senior"]
[Site "Montreal CAN"]
[Date "2016.04.23"]
[Round "2.4"]
[White "Morin, Louis"]
[Black "Lamoureux, Yvon"]
[Result "1/2-1/2"]
[WhiteElo "1932"]
[BlackElo "1624"]
[PlyCount "166"]
[EventDate "2016.04.22"]
[EventType "swiss"]
[EventRounds "5"]
[EventCountry "CAN"]

1. e4 c5 2. d4 cxd4 3. c3 d3 4. Qxd3 Nc6 5. Nf3 d6 6. Be2 g6 7. O-O Bg7 8. Rd1
Bg4 9. Nbd2 Qc7 10. h3 Bxf3 11. Nxf3 Nf6 12. Bf4 Nd7 13. Rd2 O-O 14. Rad1 Nde5
15. Nxe5 Nxe5 16. Qb5 a6 17. Qb3 Rfc8 18. Rd5 Rab8 19. a4 Kf8 20. Be3 Nc4 21.
Ba7 Ra8 22. Bd4 Bxd4 23. R1xd4 Nb6 24. Rg5 Nd7 25. Rc4 Nc5 26. Qd1 Qd8 27. Rd5
Nd7 28. Rcd4 Nf6 29. Rg5 h6 30. Rg3 Rc5 31. Qd2 Kg7 32. f4 Qc7 33. b4 Rc6 34.
Re3 e5 35. fxe5 dxe5 36. Rdd3 Rc8 37. Kh2 Rc4 38. Bf3 Qc6 39. Rd6 Qxa4 40. Rxf6
Kxf6 41. Qd6+ Kg7 42. Qxe5+ Kg8 43. Be2 R4c6 44. Bg4 Rd8 45. Bd7 Qd1 46. Bxc6
bxc6 47. Kg3 Qd6 48. Qxd6 Rxd6 49. Kf4 c5 50. bxc5 Rc6 51. Ke5 Rxc5+ 52. Kd4
Rg5 53. g4 Kf8 54. c4 Ke7 55. Ra3 f5 56. exf5 gxf5 57. gxf5 Rxf5 58. Rxa6 Rh5
59. Ra3 Kd6 60. Re3 Rh4+ 61. Kc3 Kc5 62. Re5+ Kd6 63. Rd5+ Kc6 64. Rd3 Kc5 65.
Kd2 Rxc4 66. Ke3 Rh4 67. Kf2 Kc4 68. Ra3 Kd5 69. Kg3 Rc4 70. Ra6 Rc6 71. Ra5+
Kd6 72. Kg4 Ke7 73. Kh5 Kf7 74. Ra7+ Kg8 75. Kg4 Rf6 76. Rb7 Kh8 77. h4 Kg8 78.
h5 Kh8 79. Ra7 Kg8 80. Ra5 Kf7 81. Rf5 Kg7 82. Rxf6 Kxf6 83. Kf4 Ke6 1/2-1/2

[Event "Quebec-ch Senior"]
[Site "Montreal CAN"]
[Date "2016.04.23"]
[Round "2.5"]
[White "Langlois, Jean-Marie"]
[Black "Gauthier, Denis"]
[Result "0-1"]
[WhiteElo "1356"]
[BlackElo "1931"]
[PlyCount "64"]
[EventDate "2016.04.22"]
[EventType "swiss"]
[EventRounds "5"]
[EventCountry "CAN"]

1. d4 Nf6 2. c4 e6 3. Nc3 Bb4 4. Qc2 O-O 5. Bg5 d6 6. a3 Bxc3+ 7. Qxc3 b6 8.
Qf3 d5 9. e3 Bb7 10. Be2 Nbd7 11. Qg3 Kh8 12. Nf3 Qe8 13. Qxc7 Ba6 14. O-O dxc4
15. Rac1 Nd5 16. Qc6 h6 17. Bh4 Qc8 18. Qa4 b5 19. Qc2 Qb7 20. Qd2 f5 21. Bg3
N5f6 22. Qb4 Ne4 23. Nh4 Kh7 24. Bf3 Ndf6 25. Be5 Nd5 26. Qe1 g5 27. Bh5 gxh4
28. f3 Nef6 29. Qxh4 Nxh5 30. Qxh5 Qf7 31. Qh3 Qg6 32. e4 Nf6 0-1

[Event "Quebec-ch Senior"]
[Site "Montreal CAN"]
[Date "2016.04.23"]
[Round "2.6"]
[White "Nica, Ion"]
[Black "Abreu Cordero, Jose"]
[Result "0-1"]
[WhiteElo "1685"]
[BlackElo "2005"]
[PlyCount "138"]
[EventDate "2016.04.22"]
[EventType "swiss"]
[EventRounds "5"]
[EventCountry "CAN"]

1. d4 Nf6 2. c4 g6 3. Nc3 Bg7 4. e4 d6 5. f3 Nbd7 6. Be3 e5 7. d5 O-O 8. g4 h5
9. g5 Nh7 10. h4 a5 11. Bh3 b6 12. b3 Re8 13. Qd2 Nc5 14. O-O-O Bd7 15. Bxd7
Qxd7 16. Bxc5 bxc5 17. Na4 Nf8 18. Ne2 Qe7 19. Ng3 Nd7 20. Rhf1 Kh7 21. Qe2 Rh8
22. Rd3 Kg8 23. Rg1 Kf8 24. Kc2 Ke8 25. Nf1 Kd8 26. Ne3 Kc8 27. Nc3 Kb7 28. Qd1
Nb6 29. a4 Rhg8 30. Rd2 Nd7 31. Rdg2 Nb8 32. Kd2 Qd7 33. Rg3 Na6 34. Nc2 Raf8
35. Nb5 f5 36. gxf6 Bh6+ 37. Kc3 Rxf6 38. Qf1 Bf4 39. Rh3 Rgf8 40. Kb2 Qf7 41.
Nba3 Rg8 42. Qe1 Nb4 43. Nxb4 axb4 44. Nc2 Qd7 45. Rgh1 Rgf8 46. Qe2 Bh6 47.
Ne1 R8f7 48. Nd3 Qe8 49. Qg2 Be3 50. Rf1 Qh8 51. Kc2 Rg7 52. Qe2 Bf4 53. Nxf4
exf4 54. Rg1 Re7 55. Qd3 Re5 56. Rg5 Rxg5 57. hxg5 Rf7 58. Rh1 Qe5 59. Rg1 h4
60. Qd2 h3 61. Rh1 Rh7 62. Rh2 Qxg5 63. Qe2 Qe5 64. Qd2 g5 65. Qe1 Ka7 66. Qb1
Qc3+ 67. Kd1 Qxf3+ 68. Ke1 Qg3+ 69. Rf2 h2 0-1

[Event "Quebec-ch Senior"]
[Site "Montreal CAN"]
[Date "2016.04.22"]
[Round "2.7"]
[White "Lemieux, Serge"]
[Black "Marchand, Jacques"]
[Result "0-1"]
[WhiteElo "1617"]
[BlackElo "1933"]
[PlyCount "106"]
[EventDate "2016.04.22"]
[EventType "swiss"]
[EventRounds "5"]
[EventCountry "CAN"]

1. d4 d5 2. e3 e6 3. Bd3 Nf6 4. Nd2 c5 5. c3 Nc6 6. f4 Be7 7. Ngf3 Qc7 8. O-O
Bd7 9. Ne5 c4 10. Bc2 b5 11. Ndf3 O-O 12. Ng5 g6 13. Rf3 Ne8 14. Nxd7 Qxd7 15.
Rh3 Bxg5 16. fxg5 f5 17. gxf6 Nxf6 18. b3 e5 19. Rg3 e4 20. bxc4 dxc4 21. Ba3
Rfe8 22. Qe2 Nd5 23. Bb2 Nf6 24. Rf1 Qe6 25. Bd1 Ne7 26. Rg5 Nfd5 27. Re5 Qc6
28. Bc2 Nf6 29. Rc5 Qa6 30. a3 Ned5 31. Bd1 Rac8 32. Rxc8 Qxc8 33. Qf2 Kg7 34.
Qg3 Qe6 35. h4 h5 36. Be2 Ng4 37. Bxg4 Qxg4 38. Qe1 Rf8 39. Rxf8 Kxf8 40. Bc1
Ne7 41. Kh2 Nf5 42. g3 g5 43. hxg5 h4 44. gxh4 Nxh4 45. Qg3 Nf3+ 46. Kg2 Ne1+
47. Kh2 Qe2+ 48. Kh1 Qf1+ 49. Qg1 Qf3+ 50. Kh2 Qh5+ 51. Kg3 Qxg5+ 52. Kf2 Nd3+
53. Kf1 Qxg1+ 0-1

[Event "Quebec-ch Senior"]
[Site "Montreal CAN"]
[Date "2016.04.23"]
[Round "2.8"]
[White "Lesage, Philippe"]
[Black "Brule, Daniel"]
[Result "1-0"]
[WhiteElo "1745"]
[BlackElo "1501"]
[PlyCount "61"]
[EventDate "2016.04.22"]
[EventType "swiss"]
[EventRounds "5"]
[EventCountry "CAN"]

1. Nf3 Nf6 2. c4 d6 3. g3 e5 4. d3 g6 5. Bg2 Bg7 6. Nc3 O-O 7. O-O c6 8. Rb1
Be6 9. Qb3 b5 10. Ng5 d5 11. Nxe6 fxe6 12. cxb5 c5 13. Bg5 Nbd7 14. e4 Nb6 15.
exd5 exd5 16. Bxf6 Bxf6 17. Nxd5 Nxd5 18. Bxd5+ Kg7 19. Bxa8 Qxa8 20. Qc4 Qc8
21. b4 Be7 22. bxc5 Qf5 23. Qe4 Qf6 24. Rbc1 Rd8 25. Rc4 h5 26. c6 h4 27. c7
Rc8 28. Qg4 Qf8 29. Rc6 Bf6 30. Qe6 hxg3 31. fxg3 1-0

[Event "Quebec-ch Senior"]
[Site "Montreal CAN"]
[Date "2016.04.23"]
[Round "2.9"]
[White "Michaud, Luc"]
[Black "Dubreuil, Raymond"]
[Result "1/2-1/2"]
[WhiteElo "1608"]
[BlackElo "1522"]
[PlyCount "68"]
[EventDate "2016.04.22"]
[EventType "swiss"]
[EventRounds "5"]
[EventCountry "CAN"]

1. d4 Nf6 2. Nf3 g6 3. c4 d5 4. Nc3 Bg7 5. e3 O-O 6. Be2 a6 7. O-O e6 8. b3 c5
9. Bb2 Nbd7 10. Qc2 b6 11. Rfd1 Bb7 12. Rac1 Rc8 13. Qb1 Ne4 14. Nxe4 dxe4 15.
Nd2 f5 16. Nf1 Qg5 17. Ng3 h5 18. dxc5 Nxc5 19. Bxg7 Kxg7 20. Qb2+ Kh7 21. Qe5
h4 22. Nh1 Nd3 23. Bxd3 exd3 24. g3 Be4 25. Qf4 Qxf4 26. exf4 Rfd8 27. Rd2 Rc7
28. gxh4 Bxh1 29. Kxh1 Rd4 30. Kg2 Kg7 31. Kg3 Kf6 32. Rcd1 Rcd7 33. Re1 Re4
34. Red1 Red4 1/2-1/2

[Event "Quebec-ch Senior"]
[Site "Montreal CAN"]
[Date "2016.04.23"]
[Round "2.10"]
[White "Sonn, Eric"]
[Black "Blouin, Francois"]
[Result "1-0"]
[WhiteElo "1513"]
[BlackElo "1600"]
[PlyCount "113"]
[EventDate "2016.04.22"]
[EventType "swiss"]
[EventRounds "5"]
[EventCountry "CAN"]

1. e4 e5 2. Nf3 Nc6 3. Bb5 Nge7 4. c3 a6 5. Ba4 h6 6. O-O b5 7. Bb3 Na5 8. Nxe5
Nxb3 9. axb3 d6 10. Nf3 c5 11. Re1 Bb7 12. d4 cxd4 13. cxd4 Rc8 14. b4 g6 15.
Nc3 Bg7 16. Be3 O-O 17. Qd2 Kh7 18. d5 Rc4 19. Bd4 Bxd4 20. Nxd4 Rxb4 21. Re3
Qb6 22. Nce2 Rc4 23. h4 Rfc8 24. Rf3 Kg7 25. Qf4 f5 26. Ne6+ Kh7 27. Ng3 Bxd5
28. Ng5+ hxg5 29. Qxg5 Qd8 30. exd5 Nxd5 31. Qxd8 Rxd8 32. h5 Rf4 33. hxg6+
Kxg6 34. Rxf4 Nxf4 35. Rxa6 b4 36. Rb6 Nd3 37. b3 Kg5 38. Kf1 Re8 39. Ne2 Rd8
40. g3 Kg4 41. Nd4 f4 42. gxf4 Kxf4 43. Ne6+ Ke5 44. Nxd8 d5 45. Nc6+ Ke4 46.
Nxb4 Nc5 47. Nc6 Kd3 48. Rb5 Ne4 49. Rxd5+ Kc3 50. b4 Nf6 51. Rd8 Kc4 52. Rf8
Nd7 53. Rf5 Nb6 54. Rc5+ Kd3 55. b5 Nd7 56. Rh5 Kc4 57. Ne5+ 1-0

[Event "Quebec-ch Senior"]
[Site "Montreal CAN"]
[Date "2016.04.23"]
[Round "2.11"]
[White "Nanescu, Marin"]
[Black "Bedard, Michel"]
[Result "1/2-1/2"]
[WhiteElo "1433"]
[BlackElo "1556"]
[PlyCount "108"]
[EventDate "2016.04.22"]
[EventType "swiss"]
[EventRounds "5"]
[EventCountry "CAN"]

1. d4 d5 2. Nf3 Nf6 3. Nc3 a6 4. a3 c6 5. h3 h6 6. Bf4 Bf5 7. e3 e6 8. Bd3 Bxd3
9. Qxd3 c5 10. b3 b5 11. Qd2 Nc6 12. Ne5 Nxe5 13. Bxe5 Nd7 14. Bf4 Be7 15. Ne2
a5 16. c3 O-O 17. O-O Bf6 18. Bd6 Be7 19. Bf4 f5 20. Qc2 Qb6 21. Bg3 Rfc8 22.
Qd2 Nf6 23. f3 Nd7 24. Bf2 Rc6 25. Rfc1 Rac8 26. Qb2 Bf6 27. Qd2 Qb7 28. Ra2
Be7 29. Raa1 c4 30. b4 axb4 31. axb4 Ra8 32. Qb2 Rca6 33. Rxa6 Qxa6 34. Kf1 e5
35. Ng3 g6 36. e4 f4 37. Ne2 Qa2 38. Qxa2 Rxa2 39. exd5 Bd6 40. Ke1 Kf7 41. Kf1
Nf6 42. dxe5 Bxe5 43. Rd1 Ke7 44. Bc5+ Kd7 45. Bd4 Bxd4 46. Rxd4 g5 47. d6 Ra6
48. Ke1 Rxd6 49. Rxd6+ Kxd6 50. Nd4 Nd5 51. Nxb5+ Kc6 52. Nd4+ Kb6 53. Ne2 h5
54. Kf2 h4 1/2-1/2

[Event "Quebec-ch Senior"]
[Site "Montreal CAN"]
[Date "2016.04.23"]
[Round "2.12"]
[White "Pincince, Jacques"]
[Black "Molloy, Francis"]
[Result "0-1"]
[WhiteElo "1416"]
[BlackElo "1533"]
[PlyCount "70"]
[EventDate "2016.04.22"]
[EventType "swiss"]
[EventRounds "5"]
[EventCountry "CAN"]

1. e4 c5 2. Nc3 d6 3. g3 Nc6 4. Bg2 g6 5. f4 Bg7 6. Nf3 e6 7. d3 Nge7 8. O-O b6
9. Ne2 Bb7 10. c3 O-O 11. Be3 d5 12. Nh4 dxe4 13. dxe4 Qc7 14. f5 exf5 15. exf5
Rad8 16. Qc1 Nd5 17. Bh6 Rfe8 18. Bxg7 Kxg7 19. Bxd5 Rxd5 20. f6+ Kh8 21. Qh6
Rg8 22. Nf4 Rd6 23. Nh3 Rd5 24. Ng5 Rxg5 25. Qxg5 Nd8 26. Rae1 Qc6 27. Nf3 Ne6
28. Qg4 Rd8 29. Re3 h6 30. Qh3 h5 31. Kf2 Bc8 32. Ne5 Rd2+ 33. Kg1 Ng5 34. Nxc6
Bxh3 35. Kh1 Bg2+ 0-1

[Event "Quebec-ch Senior"]
[Site "Montreal CAN"]
[Date "2016.04.23"]
[Round "2.13"]
[White "Bureau, Robert"]
[Black "Bergeron, Jean-Guy"]
[Result "1-0"]
[WhiteElo "1526"]
[BlackElo "1433"]
[PlyCount "117"]
[EventDate "2016.04.22"]
[EventType "swiss"]
[EventRounds "5"]
[EventCountry "CAN"]

1. e4 Nc6 2. d4 e5 3. Nf3 exd4 4. Nxd4 Bb4+ 5. c3 Bc5 6. Be3 Bb6 7. Bc4 Ne5 8.
Bb3 Nf6 9. Bg5 h6 10. Bxf6 Qxf6 11. O-O d6 12. Na3 O-O 13. Nc4 Bc5 14. Nxe5
dxe5 15. Nf3 Bg4 16. Qe2 Rad8 17. Rfd1 Rxd1+ 18. Rxd1 Bd6 19. Rd3 Kh8 20. h3
Bd7 21. Nh2 Qg5 22. Qe3 Qxe3 23. Rxe3 Bc5 24. Rd3 Bc6 25. Bd5 f5 26. Bxc6 bxc6
27. exf5 Rxf5 28. Rf3 Rg5 29. Nf1 e4 30. Rf7 Bd6 31. Ne3 Kg8 32. Rf5 Rxf5 33.
Nxf5 Kf7 34. Kf1 Kf6 35. Ne3 h5 36. Ke2 Bc5 37. Nc4 Bb6 38. f3 exf3+ 39. Kxf3
g5 40. g4 h4 41. Ke4 Ke6 42. Ne5 c5 43. Nf3 Kf6 44. Kd5 a6 45. Nd2 a5 46. Ne4+
Kg6 47. Nxc5 Kf6 48. Nd7+ Ke7 49. Nxb6 cxb6 50. a4 Kf6 51. b4 Kf7 52. bxa5 bxa5
53. c4 Ke7 54. c5 Kd7 55. c6+ Kc7 56. Kc5 Kc8 57. Kb6 Kb8 58. Kxa5 Kc7 59. Kb5
1-0